|
000
|
01018nam0 2200313 450
|
|
001
|
562
|
|
005
|
20091117095520.0
|
|
010
|
|
@a7-5349-2482-0@dCNY32
|
|
035
|
|
@a(011001)c2000023663
|
|
100
|
|
@a20001026d2000 em y0chiy0110 ea
|
|
101
|
1
|
@achi@cjpn
|
|
102
|
|
@aCN@b410000
|
|
105
|
|
@aa z 000yy
|
|
106
|
|
@ar
|
|
200
|
1
|
@a庭院花木园艺@Ating yuan hua mu yuan yi@e庭院花木栽培入门@f(日)小池,(日)伸男著@g董惠英等译
|
|
210
|
|
@a郑州@c河南科学技术出版社@d2000
|
|
215
|
|
@a104页@d26cm
|
|
330
|
|
@a本书介绍人们所爱的适合庭院栽植的观花、观果、观叶花木120种。配图说明它们的形态特征、主要品种、管理要点及修剪、施肥、病虫害防治等。
|
|
517
|
1
|
@a庭院花木栽培入门@Ating yuan hua mu zai pei ru men
|
|
606
|
0
|
@a花卉@x栽培
|
|
606
|
0
|
@2CT@3S032973@a花卉
|
|
606
|
0
|
@a园林植物@x栽培
|
|
606
|
0
|
@2CT@3S091563@a园林植物
|
|
690
|
|
@aS68@v4
|
|
701
|
0
|
@a小池@Axiao chi@4著
|
|
701
|
0
|
@a伸男@Ashen nan@4著
|
|
702
|
0
|
@a董惠英@Adong hui ying@4译
|
|
801
|
0
|
@aCN@bBJHZTJ@c20001031
|
|
905
|
|
@dS68@e224
|
|
|
|
|
| |
| 庭院花木园艺:庭院花木栽培入门/(日)小池,(日)伸男著/董惠英等译.-郑州:河南科学技术出版社,2000 |
| 104页;26cm |
| |
| |
| ISBN 7-5349-2482-0:CNY32 |
| 本书介绍人们所爱的适合庭院栽植的观花、观果、观叶花木120种。配图说明它们的形态特征、主要品种、管理要点及修剪、施肥、病虫害防治等。 |
| ● |
正题名:庭院花木园艺
索取号:S68/224
 
预约/预借
| 序号
|
登录号
|
条形码
|
馆藏地/架位号
|
状态
|
备注
|
|
1
|
264786
|
300264786
|
柳城-4楼/21架10列1层/
[索取号:S68/224]
|
在馆
|
|
|
2
|
264787
|
300264787
|
海科密-1楼/60架8列7层/
[索取号:S68/224]
|
在馆
|
|
|
3
|
264788
|
300264788
|
柳城-4楼/21架10列1层/
[索取号:S68/224]
|
在馆
|
|
|
4
|
264789
|
300264789
|
海科密-1楼/60架8列7层/
[索取号:S68/224]
|
在馆
|
|
|
5
|
264790
|
300264790
|
流通三库四楼/
[索取号:S68/224]
|
在馆
|
|
|
6
|
264791
|
300264791
|
海科密-1楼/60架8列7层/
[索取号:S68/224]
|
在馆
|
|
|
7
|
264792
|
300264792
|
海科密-1楼/60架8列7层/
[索取号:S68/224]
|
在馆
|
|
|
8
|
264793
|
300264793
|
柳城-4楼/21架10列1层/
[索取号:S68/224]
|
在馆
|
|
|
9
|
264794
|
300264794
|
海科密-1楼/60架8列7层/
[索取号:S68/224]
|
在馆
|
|
|
10
|
264795
|
300264795
|
海科密-1楼/60架8列7层/
[索取号:S68/224]
|
在馆
|
|